Sheep breeds of the Mediterranean (Record no. 16552)

000 -LEADER
fixed length control field 00630cam a22001691 4500
040 ## - CATALOGING SOURCE
Transcribing agency WGrU
082 ## - DEWEY DECIMAL CLASSIFICATION NUMBER
Classification number 636 PUB 1967 A106 Or.
100 1# - MAIN ENTRY--AUTHOR NAME
Personal name Mason, I. L.
245 10 - TITLE STATEMENT
Title Sheep breeds of the Mediterranean
260 ## - PUBLICATION, DISTRIBUTION, ETC. (IMPRINT)
Place of publication Farnham Royal (Bucks),
Name of publisher published by arrangement with the Food and Agriculture Organization of the United Nations by the Commonwealth Agricultural Bureaux
Year of publication [1967]
300 ## - PHYSICAL DESCRIPTION
Number of Pages xix, 215 p.
Other physical details 80 plates, maps, tables.
Dimensions 26 cm.
650 #0 - SUBJECT ADDED ENTRY--TOPICAL TERM
Topical Term Sheep breeds.
650 #0 - SUBJECT ADDED ENTRY--TOPICAL TERM
Topical Term Sheep
710 2# - ADDED ENTRY--CORPORATE NAME
Corporate name or jurisdiction name as entry element Food and Agriculture Organization of the United Nations.
710 2# - ADDED ENTRY--CORPORATE NAME
Corporate name or jurisdiction name as entry element Commonwealth Agricultural Bureaux.
942 ## - ADDED ENTRY ELEMENTS (KOHA)
Koha item type សៀវភៅភាសាអង់គ្លេស
952 ## - LOCATION AND ITEM INFORMATION (KOHA)
Withdrawn status [LOCAL, KOHA] 0
Holdings
Permanent Location Date acquired Koha item type Lost status Shelving location Barcode Current Location Full call number
Library Block A2018-03-06សៀវភៅភាសាអង់គ្លេស A107A25208Library Block A636 PUB 1967 A107 Or.
មជ្ឈមណ្ឌលឯការនៃសាកលវិទ្យាល័យភូមិន្ទកសិកម្មចំការដូង

Powered by Koha